Cơ sở sinh học vi sinh vật

Gorde:
Xehetasun bibliografikoak
Egile nagusia: Nguyễn Thành Đạt
Formatua: Liburua
Hizkuntza:Undetermined
Argitaratua: H. Giáo Dục 1999
Gaiak:
Etiketak: Etiketa erantsi
Etiketarik gabe, Izan zaitez lehena erregistro honi etiketa jartzen!
Thư viện lưu trữ: Trung tâm Học liệu Trường Đại học Cần Thơ
LEADER 00539nam a2200181Ia 4500
001 CTU_55627
008 210402s9999 xx 000 0 und d
020 |b 25000 
082 |a 660.62 
082 |b Đ110/T1 
100 |a Nguyễn Thành Đạt 
245 0 |a Cơ sở sinh học vi sinh vật 
245 0 |c Nguyễn Thành Đạt 
260 |a H. 
260 |b Giáo Dục 
260 |c 1999 
650 |a fermentation,microbial biotechnology,industrial microbiology 
980 |a Trung tâm Học liệu Trường Đại học Cần Thơ